[Event "Gijon RGCC op 7th"]
[Site "Gijon"]
[Date "2023.08.10"]
[Round "8"]
[White "Sarasketa Irastortza, Oier"]
[Black "Bringas Gomez, Artai"]
[Result "0-1"]
[WhiteElo "1767"]
[BlackElo "2220"]
[PlyCount "70"]
[EventDate "2023.08.05"]
[EventType "swiss"]
[EventRounds "9"]
[EventCountry "ESP"]
[SourceTitle "EXT 2024"]
[Source "ChessBase"]
[SourceDate "2023.10.10"]
[SourceVersion "1"]
[SourceVersionDate "2023.10.10"]
[SourceQuality "1"]

1. e4 c5 2. c3 Nf6 3. e5 Nd5 4. d4 cxd4 5. Nf3 Nc6 6. cxd4 d6 7. Bc4 dxe5 8. dxe5 Be6 9. 0-0 g6 10. Qe2 Bg7 11. Rd1 Qa5 12. b3 0-0 13. Qe4 Rad8 14. Bd2 Qc5 15. Nc3 Bf5 16. Qe2 Nxc3 17. Bxc3 b5 18. Bd3 Qxc3 19. Bxf5 Nxe5 20. Nxe5 Qxe5 21. Be4 f5 22. Bf3 Qxe2 23. Bxe2 Bxa1 24. Rxa1 b4 25. Bc4+ Kg7 26. Kf1 e5 27. Ke2 Rd7 28. a4 bxa3 29. Rxa3 Rfd8 30. Ra2 Rb8 31. Ra6 Rb6 32. Ra2 Kf6 33. Ke3 g5 34. Ra5 Rbd6 35. Ra2 h5 0-1

[Event "ESP-ch U14"]
[Site "Salobrena"]
[Date "2023.07.21"]
[Round "8"]
[White "Oubina Pazos, Cesar"]
[Black "Sarasketa Irastortza, Oier"]
[Result "1/2-1/2"]
[WhiteElo "1640"]
[BlackElo "1781"]
[PlyCount "69"]
[EventDate "2023.07.17"]
[EventType "swiss"]
[EventRounds "9"]
[EventCountry "ESP"]
[SourceTitle "EXT 2024"]
[Source "ChessBase"]
[SourceDate "2023.10.10"]
[SourceVersion "1"]
[SourceVersionDate "2023.10.10"]
[SourceQuality "1"]

1. e4 c5 2. Nf3 Nc6 3. d4 cxd4 4. Nxd4 g6 5. Be3 Nf6 6. Nc3 Bg7 7. Bc4 0-0 8. Bb3 Re8 9. 0-0 d6 10. h3 Na5 11. f4 Nxb3 12. Nxb3 Nd7 13. g4 b6 14. Bd4 Bb7 15. Bxg7 Kxg7 16. Qd4+ Kg8 17. Rad1 Qc7 18. f5 Nc5 19. f6 Nxb3 20. axb3 Rad8 21. g5 Qc5 22. Qxc5 bxc5 23. fxe7 Rxe7 24. Rf4 Bc6 25. Kf2 Re5 26. h4 Kf8 27. Kf3 Ke7 28. Nd5+ Bxd5 29. Rxd5 h6 30. Rf6 hxg5 31. hxg5 Rxd5 32. exd5 Rb8 33. Rf4 a5 34. Ra4 Rb5 35. Ra1 1/2-1/2

[Event "ESP-ch U14"]
[Site "Salobrena"]
[Date "2023.07.19"]
[Round "5"]
[White "Sarasketa Irastortza, Oier"]
[Black "Bello Cera, Raul"]
[Result "1-0"]
[WhiteElo "1781"]
[BlackElo "1618"]
[PlyCount "75"]
[EventDate "2023.07.17"]
[EventType "swiss"]
[EventRounds "9"]
[EventCountry "ESP"]
[SourceTitle "EXT 2024"]
[Source "ChessBase"]
[SourceDate "2023.10.10"]
[SourceVersion "1"]
[SourceVersionDate "2023.10.10"]
[SourceQuality "1"]

1. e4 e5 2. Nf3 Nc6 3. Bc4 Nf6 4. d3 Bc5 5. c3 0-0 6. Bb3 d6 7. Nbd2 a5 8. h3 h6 9. 0-0 Be6 10. Bc2 Bb6 11. Re1 Re8 12. Nf1 d5 13. Qe2 Qd7 14. N3h2 Rad8 15. Ng3 dxe4 16. dxe4 Ne7 17. Qf3 Nh7 18. Nhf1 Kh8 19. Nh5 Rg8 20. Ne3 Rdf8 21. g4 Ng6 22. Nf5 Qd8 23. Rd1 Qc8 24. Qg3 c6 25. Kh2 Bd8 26. Be3 Ng5 27. Bc5 Bxf5 28. exf5 Re8 29. fxg6 e4 30. gxf7 Nxf7 31. Kg2 g6 32. Bd4+ Kh7 33. Nf6+ Bxf6 34. Bxf6 Qe6 35. Bd4 Ng5 36. Bb3 Qe7 37. Bxg8+ Kxg8 38. Be3 1-0

[Event "ESP-ch U14"]
[Site "Salobrena"]
[Date "2023.07.18"]
[Round "3"]
[White "Sarasketa Irastortza, Oier"]
[Black "Mares, Mario Gabriel"]
[Result "1-0"]
[WhiteElo "1781"]
[BlackElo "1526"]
[PlyCount "77"]
[EventDate "2023.07.17"]
[EventType "swiss"]
[EventRounds "9"]
[EventCountry "ESP"]
[SourceTitle "EXT 2024"]
[Source "ChessBase"]
[SourceDate "2023.10.10"]
[SourceVersion "1"]
[SourceVersionDate "2023.10.10"]
[SourceQuality "1"]

1. e4 c5 2. Nf3 e6 3. d3 d5 4. Nbd2 Nc6 5. g3 Bd6 6. Bg2 Nge7 7. 0-0 0-0 8. Re1 b5 9. h4 Rb8 10. Nf1 h6 11. N1h2 Bc7 12. Qe2 Re8 13. h5 c4 14. e5 Bb6 15. Bf4 Ba6 16. g4 Nd4 17. Nxd4 Bxd4 18. c3 cxd3 19. Qd2 Bc5 20. b4 Bb6 21. Nf3 Kh7 22. Qxd3+ g6 23. g5 Nf5 24. Bh3 Qd7 25. Bxf5 gxf5 26. gxh6 Rg8+ 27. Kh2 Bd8 28. Rg1 Be7 29. Ng5+ Bxg5 30. Bxg5 f6 31. Bxf6 Qf7 32. Qh3 Rxg1 33. Rxg1 Rg8 34. Bg7 Bb7 35. Qh4 Rc8 36. Qg5 Rxc3 37. Qg6+ Qxg6 38. hxg6+ Kg8 39. Bf6 1-0

[Event "ESP-ch U12"]
[Site "Salobrena"]
[Date "2022.07.12"]
[Round "3"]
[White "Diaz Reyes, Iker"]
[Black "Sarasketa Irastortza, Oier"]
[Result "0-1"]
[WhiteElo "1278"]
[BlackElo "1654"]
[PlyCount "88"]
[EventDate "2022.07.04"]
[EventType "swiss"]
[EventRounds "9"]
[EventCountry "ESP"]
[SourceTitle "EXT 2023"]
[Source "ChessBase"]
[SourceDate "2022.10.05"]
[SourceVersion "1"]
[SourceVersionDate "2022.10.05"]
[SourceQuality "1"]

1. e4 c5 2. Nf3 Nc6 3. d4 cxd4 4. Nxd4 g6 5. c4 Nf6 6. Nc3 d6 7. Be2 Nxd4 8. Qxd4 Bg7 9. Be3 0-0 10. Qd3 Be6 11. 0-0 Nd7 12. f4 Rc8 13. b3 Nc5 14. Qc2 f5 15. Rad1 fxe4 16. Nxe4 Bf5 17. Bf3 Qa5 18. Rf2 d5 19. Qd2 Qxd2 20. Nxd2 d4 21. Nf1 dxe3 22. Nxe3 Be4 23. Nd5 Bxf3 24. Rxf3 Rf7 25. Kh1 e6 26. Ne3 Rd7 27. g3 Rxd1+ 28. Nxd1 Rd8 29. Nf2 Rd2 30. b4 Bd4 31. Nh3 Ne4 32. c5 Rxa2 33. Rd3 Rd2 34. Rxd2 Nxd2 35. Ng5 e5 36. fxe5 Bxe5 37. b5 Nc4 38. Kg2 Na3 39. c6 Nxb5 40. cxb7 a5 41. Ne6 a4 42. Nc5 a3 43. Kf3 a2 44. Nb3 Nd4+ 0-1

[Event "ESP-ch U12"]
[Site "Salobrena"]
[Date "2021.07.09"]
[Round "8"]
[White "Povshednyi, Ivan"]
[Black "Sarasketa Irastortza, Oier"]
[Result "1-0"]
[WhiteElo "1702"]
[BlackElo "1298"]
[PlyCount "85"]
[EventDate "2021.07.05"]
[EventType "swiss"]
[EventRounds "9"]
[EventCountry "ESP"]
[SourceTitle "EXT 2022"]
[Source "ChessBase"]
[SourceDate "2021.10.06"]
[SourceVersion "1"]
[SourceVersionDate "2021.10.06"]
[SourceQuality "1"]

1. d4 Nf6 2. c4 c5 3. d5 b5 4. cxb5 a6 5. bxa6 g6 6. Nc3 Bxa6 7. e4 Bxf1 8. Kxf1 d6 9. g3 Bg7 10. Kg2 0-0 11. Nf3 Nbd7 12. Qe2 Qa5 13. Bd2 Qa6 14. Qxa6 Rxa6 15. Rac1 Rb8 16. b3 Ne8 17. Rc2 Nc7 18. Na4 Nb5 19. Bc1 Nb6 20. Nxb6 Rbxb6 21. e5 h6 22. Be3 Rb8 23. h4 Rba8 24. exd6 exd6 25. a4 Nc7 26. Rd1 Rb8 27. Rd3 Rab6 28. Nd2 Na6 29. Nc4 Nb4 30. Nxb6 Nxd3 31. Rd2 Ne1+ 32. Kf1 Nf3 33. Nc4 Nxd2+ 34. Nxd2 Bf8 35. Ke2 Kg7 36. Kd3 Kf6 37. Ne4+ Ke7 38. Kc2 h5 39. Nxd6 Rd8 40. Ne4 Kd7 41. Kd3 Kc7 42. Kc4 Rb8 43. Bf4+ 1-0

[Event "ESP-ch U10"]
[Site "Salobrena"]
[Date "2020.07.24"]
[Round "8"]
[White "Perea Fruet, Federico"]
[Black "Sarasketa Irastortza, Oier"]
[Result "1/2-1/2"]
[WhiteElo "1149"]
[BlackElo "1295"]
[PlyCount "101"]
[EventDate "2020.07.20"]
[EventType "swiss"]
[EventRounds "9"]
[EventCountry "ESP"]
[SourceTitle "EXT 2021"]
[Source "ChessBase"]
[SourceDate "2020.10.23"]
[SourceVersion "1"]
[SourceVersionDate "2020.10.23"]
[SourceQuality "1"]

1. e4 e5 2. Nf3 Nc6 3. d4 exd4 4. Nxd4 Nf6 5. Nxc6 bxc6 6. Bd3 Bc5 7. 0-0 d6 8. Nd2 0-0 9. Nb3 Bb6 10. Re1 Re8 11. h3 a5 12. Bg5 h6 13. Bh4 Ba6 14. Rc1 Kh8 15. Bxa6 Rxa6 16. Qd3 Ra8 17. Qc4 g5 18. Bg3 Qd7 19. Rcd1 a4 20. Nd4 Nxe4 21. Bh2 d5 22. Qxc6 Qxc6 23. Nxc6 Bxf2+ 24. Kf1 Bxe1 25. Kxe1 Kh7 26. Kf1 Re6 27. Nd4 Rf6+ 28. Kg1 Rb8 29. Bxc7 Rb7 30. Be5 Rfb6 31. Ne2 f6 32. Bc3 Nxc3 33. Nxc3 Rxb2 34. Nxa4 Rb1 35. Rf1 Rxf1+ 36. Kxf1 Rc7 37. c3 Rc4 38. Nb6 Rxc3 39. Nxd5 Ra3 40. Nxf6+ Kg6 41. Nd5 Rxa2 42. Nc3 Rc2 43. Ne2 g4 44. Kf2 Kg5 45. Ke3 Rc4 46. hxg4 Kxg4 47. Nd4 Rxd4 48. Kxd4 Kf4 49. Kd3 Kg3 50. Ke4 h5 51. Kf5 1/2-1/2